000 00704nam a2200181 a 4500
001 000030334
005 20200930060236.0
008 110510s1971 dr 000 | spa d
040 _aDO-SdBNP
_bspa
_cBNPHU
082 _axxx
_bP936d
100 1 _aPrestol Castillo, Freddy M.
_920957
245 1 0 _aDistribución geográfica del crimen en la República Dominicana /
_cFreddy Prestol Castillo.
260 _aSanto Domingo :
_bColegio de Abogados de la República Dominicana,
_c1971.
300 _a23 p. ;
_c27 cm.
490 1 _aPublicaciones del Colegio de Abogados de la República Dominicana
_v5
830 0 _aPublicaciones del Colegio de Abogados de la República Dominicana ;
_v5
_956994
049 _aBNPD
999 _c29826
_d29826